[Event "IND-ch U19 46th"]
[Site "Rajahmundry"]
[Date "2016.10.08"]
[Round "1"]
[White "Sidhant, Mohapatra"]
[Black "Harshit, Arya"]
[Result "1-0"]
[WhiteElo "2286"]
[BlackElo "1659"]
[PlyCount "41"]
[EventDate "2016.10.08"]
[EventType "swiss"]
[EventRounds "11"]
[EventCountry "IND"]
[SourceTitle "CBM 175 Extra"]
[Source "ChessBase"]
[SourceDate "2016.12.12"]
[SourceVersion "1"]
[SourceVersionDate "2016.12.12"]
[SourceQuality "1"]

1. Nf3 Nf6 2. g3 g6 3. b3 Bg7 4. Bb2 0-0 5. Bg2 d6 6. d4 c6 7. 0-0 Qc7 8. Nbd2 Re8 9. e4 Bg4 10. e5 dxe5 11. dxe5 Bxf3 12. Bxf3 Na6 13. a4 c5 14. Be2 b6 15. a5 b5 16. b4 Nxb4 17. a6 Nxa6 18. Bxb5 Nd5 19. f4 Bf8 20. g4 h6 21. e6 1-0